The Biogeochemical Impacts of Forests and the Implications for Climate Change Mitigation / (Record no. 616634)

000 -LEADER
fixed length control field 00551nam a22001817a 4500
003 - CONTROL NUMBER IDENTIFIER
control field NUST
005 - DATE AND TIME OF LATEST TRANSACTION
control field 20260312103229.0
008 - FIXED-LENGTH DATA ELEMENTS--GENERAL INFORMATION
fixed length control field 260312b ||||| |||| 00| 0 eng d
020 ## - INTERNATIONAL STANDARD BOOK NUMBER
International Standard Book Number 978-3319078519
082 ## - DEWEY DECIMAL CLASSIFICATION NUMBER
Classification number 577.3
Author Mark CAT
100 ## - MAIN ENTRY--PERSONAL NAME
Personal name Catherine E. Scott.
9 (RLIN) 133671
245 ## - TITLE STATEMENT
Title The Biogeochemical Impacts of Forests and the Implications for Climate Change Mitigation /
Statement of responsibility, etc. Catherine E. Scott.
250 ## - EDITION STATEMENT
Edition statement 2014th Edition.
260 ## - PUBLICATION, DISTRIBUTION, ETC.
Place of publication, distribution, etc. Switzerland:
Name of publisher, distributor, etc. Springer,
Date of publication, distribution, etc. 2014.
300 ## - PHYSICAL DESCRIPTION
Extent 132 p ;
Dimensions 29.00 cm
563 ## - BINDING INFORMATION
Binding note Hardcover
942 ## - ADDED ENTRY ELEMENTS (KOHA)
Source of classification or shelving scheme
Koha item type Book
Holdings
Withdrawn status Lost status Source of classification or shelving scheme Damaged status Not for loan Permanent Location Current Location Date acquired Total Checkouts Full call number Barcode Date last seen Price effective from Koha item type
          Institute of Geographical Information Systems (IGIS) Institute of Geographical Information Systems (IGIS) 03/12/2026   577.3 CAT IGIS-1093 03/12/2026 03/12/2026 Book
          Institute of Geographical Information Systems (IGIS) Institute of Geographical Information Systems (IGIS) 03/12/2026   577.3 CAT IGIS-1094 03/12/2026 03/12/2026 Book
© 2023 Central Library, National University of Sciences and Technology. All Rights Reserved.